Tìm hiểu về "giống" trong tiếng Pháp /

Na minha lista:
Detalhes bibliográficos
Autor principal: Nguyễn Hữu Thọ.
Formato: Atigo
Idioma:Vietnamese
Assuntos:
Tags: Adicionar Tag
Sem tags, seja o primeiro a adicionar uma tag!
Thư viện lưu trữ: Thư viện Trường Đại học Đà Lạt
LEADER 00770nam a2200289 4500
001 DLU060053742
040 # # |a DLU  |b vie 
041 # # |a vie 
044 # # |a vn 
100 # # |a Nguyễn Hữu Thọ. 
245 # # |a Tìm hiểu về "giống" trong tiếng Pháp /  |c Nguyễn Hữu Thọ. 
653 # # |a Giống đực 
653 # # |a Giống cái 
653 # # |a Ngoại ngữ 
653 # # |a Tiếng Pháp 
773 # # |t Ngôn ngữ  |g Số 1, 2006, tr. 11-20 
920 # # |a Phòng Tạp chí -- Trung tâm Thông tin - Thư viện Trường Đại học Đà Lạt 
933 # # |a AV 
994 # # |a DLU 
900 # # |a True 
911 # # |a Nguyễn Thị Minh Cầm 
925 # # |a G 
926 # # |a A 
927 # # |a BB 
980 # # |a Thư viện Trường Đại học Đà Lạt